Wie ist Theologie als Wissenschaft möglich?: Zu Paul Tillichs Rezeption von Martin Kählers Theologieverständnis

Saved in:
Bibliographic Details
Main Author: Nüssel, Friederike (Author)
Format: Chapter/Article
Language:German
Published: [2025]
In: Der junge Paul Tillich und die Theologie um 1900
Year: 2025, Pages: 127-153
Subjects:
Online Access: Get full text
Author Notes:Friederike Nüssel

MARC

LEADER 00000caa a2200000 c 4500
001 1908770120
003 DE-627
005 20260129204522.0
007 tu
008 241115s2025 xx ||||| 00| ||ger c
035 |a (DE-627)1908770120 
035 |a (DE-599)KXP1908770120 
035 |a (OCoLC)1475647380 
040 |a DE-627  |b ger  |c DE-627  |e rda 
041 |a ger 
084 |a 12  |2 sdnb 
084 |a 1  |2 ssgn 
084 |a 07  |2 bwlb 
100 1 |a Nüssel, Friederike  |d 1961-  |e VerfasserIn  |0 (DE-588)114358869  |0 (DE-627)555534596  |0 (DE-576)175691460  |4 aut 
245 1 0 |a Wie ist Theologie als Wissenschaft möglich?  |b Zu Paul Tillichs Rezeption von Martin Kählers Theologieverständnis  |c Friederike Nüssel 
264 1 |c [2025] 
300 |a 27 
336 |a Text  |b txt  |2 rdacontent 
337 |a ohne Hilfsmittel zu benutzen  |b n  |2 rdamedia 
338 |a Band  |b nc  |2 rdacarrier 
600 1 7 |0 (DE-588)118559125  |0 (DE-627)134393155  |0 (DE-576)208981284  |a Kähler, Martin  |d 1835-1912  |2 gnd  |7 (dpeaa)DE-631 
600 1 7 |0 (DE-588)118622692  |0 (DE-627)133775836  |0 (DE-576)209133902  |a Tillich, Paul  |d 1886-1965  |2 gnd  |7 (dpeaa)DE-631 
650 0 7 |0 (DE-588)4049716-1  |0 (DE-627)104675152  |0 (DE-576)209083182  |a Rezeption  |2 gnd  |7 (dpeaa)DE-631 
773 0 8 |i Enthalten in  |t Der junge Paul Tillich und die Theologie um 1900  |d Berlin : De Gruyter, 2025  |g (2025), Seite 127-153  |h VIII, 313 Seiten  |w (DE-627)1896244912  |z 9783111586854  |z 3111586855  |7 nnam  |a Wie ist Theologie als Wissenschaft möglich? Zu Paul Tillichs Rezeption von Martin Kählers Theologieverständnis 
773 1 8 |g year:2025  |g pages:127-153  |g extent:27  |a Wie ist Theologie als Wissenschaft möglich? Zu Paul Tillichs Rezeption von Martin Kählers Theologieverständnis 
889 |w (DE-627)1926571517 
935 |a mteo  |a BWLB 
951 |a AR 
992 |a 20241115 
993 |a BookComponentPart 
994 |a 2025 
998 |g 114358869  |a Nüssel, Friederike  |m 114358869:Nüssel, Friederike  |d 10000  |d 10400  |e 10000PN114358869  |e 10400PN114358869  |k 0/10000/  |k 1/10000/10400/  |p 1  |x j  |y j 
999 |a KXP-PPN1908770120  |e 4615289103 
BIB |a Y 
JSO |a {"name":{"displayForm":["Friederike Nüssel"]},"relHost":[{"relMultPart":[{"language":["ger","eng","fre"],"disp":"Tillich research","dispAlt":"Tillich research","origin":[{"dateIssuedDisp":"2011-","dateIssuedKey":"2011","publisherPlace":"Berlin ; Boston, Mass.","publisher":"˜Deœ Gruyter"}],"titleTranslated":[{"translated":"Tillich-Forschungen"},{"translated":"Recherches sur Tillich"}],"part":{"number":["volume 28"],"number_sort":["28"]},"titleAlt":[{"title":"Tillres"}],"recId":"669889768","title":[{"title_sort":"Tillich research","subtitle":" = Tillich-Forschungen = Recherches sur Tillich","title":"Tillich research"}],"type":{"bibl":"serial"},"id":{"zdb":["2631723-0"],"issn":["2192-1938"],"eki":["669889768"]},"pubHistory":["1.2011 -"]}],"name":{"displayForm":["herausgegeben von Christian Danz"]},"language":["ger"],"part":{"year":"2025","extent":"27","text":"(2025), Seite 127-153","pages":"127-153"},"disp":"Wie ist Theologie als Wissenschaft möglich? Zu Paul Tillichs Rezeption von Martin Kählers TheologieverständnisDer junge Paul Tillich und die Theologie um 1900","origin":[{"dateIssuedKey":"2025","publisherPlace":"Berlin ; Boston","publisher":"De Gruyter","dateIssuedDisp":"[2025]"}],"id":{"isbn":["9783111586854","3111586855"],"eki":["1896244912"]},"physDesc":[{"extent":"VIII, 313 Seiten"}],"person":[{"given":"Christian","role":"edt","display":"Danz, Christian","family":"Danz"}],"recId":"1896244912","title":[{"subtitle":"Theologie - Wissenschaft - Religion","title_sort":"junge Paul Tillich und die Theologie um 1900","title":"Der junge Paul Tillich und die Theologie um 1900"}],"type":{"bibl":"edited-book"},"corporate":[{"display":"Walter de Gruyter GmbH & Co. KG","role":"pbl"}],"note":["\"Der vorliegende Band geht auf einen Workshop zurück, der vom 14. bis 16. November 2023 an der Evangelisch-Theologischen Fakultät der Universität Wien stattfand.\" - Vorwort"]}],"language":["ger"],"id":{"eki":["1908770120"]},"physDesc":[{"extent":"27 S."}],"person":[{"family":"Nüssel","display":"Nüssel, Friederike","given":"Friederike","role":"aut"}],"recId":"1908770120","type":{"bibl":"chapter"},"title":[{"title":"Wie ist Theologie als Wissenschaft möglich?","subtitle":"Zu Paul Tillichs Rezeption von Martin Kählers Theologieverständnis","title_sort":"Wie ist Theologie als Wissenschaft möglich?"}],"origin":[{"dateIssuedKey":"2025","dateIssuedDisp":"[2025]"}]} 
SRT |a NUESSELFRIWIEISTTHEO2025